Impact assessment and sustainable resource management

Αποθηκεύτηκε σε:
Λεπτομέρειες βιβλιογραφικής εγγραφής
Κύριος συγγραφέας: Smith, L. Graham 1956-
Μορφή: Βιβλίο
Γλώσσα:English
Δημοσίευση: Harlow : Longman, c1993
Σειρά:Themes in resource management
Θέματα:
Ετικέτες: Προσθήκη ετικέτας
Δεν υπάρχουν, Καταχωρήστε ετικέτα πρώτοι!

MARC

LEADER 00000nam a2200000 i 4500
001 1/17124
008 980828s1993 eng d
020 |a 0-582-04653-X 
035 |l 10020443 
040 |a GR-MY-UA  |b gre  |e aacr 
041 0 |a eng 
082 0 |a 333.7 
100 1 |a Smith, L. Graham  |d 1956- 
245 1 0 |a Impact assessment and sustainable resource management /  |c L. Graham Smith 
260 |a Harlow :   |b Longman,   |c c1993 
300 |a 210 p. 
490 1 |a Themes in resource management 
504 |a Includes bibliographical references and index 
650 0 0 |a Natural resources  |x Management  |x Cross-cultural studies. 
650 0 0 |a Environmental impact analysis  |x Cross-cultural studies. 
830 0 |a Themes in resource management 
852 |a INST  |b LESVOS  |e 19980828  |h 333.7 SMI  |p 005100013124  |q 005100013124  |t BK  |y 0 
901 |a BIBL-1998-3 
909 |a Λ  |b 059004 
922 |a 1ΕΛΗ  |b 199808  |c ΚΠΣ/ΤΠ  |d ΠΑΠΑΣΩΤΗΡΙΟΥ 
950 |a 107-1998-05-21